000
00258nam a2200109Ia 4500
008
190912s9999||||xx |||||||||||||| ||und||
100
_a
Frank Merritt
245
0
_a
Inside PostScript
260
_a
India
_b
vikas Publishing
_c
1989
300
_a
352
942
_c
BK
999
_c
7196
_d
7196